[Event "OEISM 0818 BLMM"]
[Site "austriablmm"]
[Date "2020.12.12"]
[Round "6"]
[White "Marc_m"]
[Black "Jakob19"]
[Result "1-0"]
[WhiteElo "1980"]
[BlackElo "1993"]
[Annotator "NA"]
[PlyCount "127"]
[EventDate "2020.12.12"]
[EventType "blitz"]

1. e4 {[%emt 0:00:01]} c5 {[%emt 0:00:02]} 2. Nf3 {[%emt 0:00:01]} e6 {[%emt 0:00:01]} 3. d3 {[%emt 0:00:01]} Nc6 {[%emt 0:00:02]} 4. g3 {[%emt 0:00:01]} d5 {[%emt 0:00:01]} 5. Nbd2 {[%emt 0:00:01]} Nf6 {[%emt 0:00:02]} 6. Bg2 {[%emt 0:00:01]} Be7 {[%emt 0:00:01]} 7. O-O {[%emt 0:00:01]} O-O {[%emt 0:00:02]} 8. Re1 {[%emt 0:00:01]} Qc7 {[%emt 0:00:02]} 9. c3 {[%emt 0:00:08]} b5 {[%emt 0:00:23]} 10. exd5 {[%emt 0:00:25]} exd5 {[%emt 0:00:21]} 11. Nb3 {[%emt 0:00:14]} Bf5 {[%emt 0:00:23]} 12. d4 {[%emt 0:00:28]} c4 {[%emt 0:00:10]} 13. Nc5 {[%emt 0:00:10]} Ne4 {[%emt 0:00:16]} 14. Bf4 {[%emt 0:03:54]} Qb6 {[%emt 0:00:54]} 15. Nxe4 {[%emt 0:00:56]} Bxe4 {[%emt 0:00:05]} 16. Bh3 {[%emt 0:00:17]} Rad8 {[%emt 0:01:50]} 17. Nd2 {[%emt 0:00:52]} Bg6 {[%emt 0:00:24]} 18. Bg2 {[%emt 0:00:06]} Rfe8 {[%emt 0:00:24]} 19. h4 {[%emt 0:00:05]} f6 {[%emt 0:00:16]} 20. Qg4 {[%emt 0:00:47]} Bf7 {[%emt 0:00:22]} 21. h5 {[%emt 0:00:12]} Qb7 {[%emt 0:00:22]} 22. Bh3 {[%emt 0:00:40]} Bf8 {[%emt 0:00:17]} 23. Nf3 {[%emt 0:00:07]} Rxe1+ {[%emt 0:00:26]} 24. Rxe1 {[%emt 0:00:00]} Re8 {[%emt 0:00:02]} 25. Rxe8 {[%emt 0:00:06]} Bxe8 {[%emt 0:00:00]} 26. Nh4 {[%emt 0:00:44]} Ne7 {[%emt 0:03:04]} 27. Nf5 {[%emt 0:00:40]} Nxf5 {[%emt 0:00:19]} 28. Qxf5 {[%emt 0:00:00]} h6 {[%emt 0:00:24]} 29. Qe6+ {[%emt 0:00:20]} Bf7 {[%emt 0:00:03]} 30. Qd7 {[%emt 0:00:01]} Qxd7 {[%emt 0:00:03]} 31. Bxd7 {[%emt 0:00:00]} b4 {[%emt 0:00:05]} 32. Bb8 {[%emt 0:00:07]} bxc3 {[%emt 0:00:06]} 33. bxc3 {[%emt 0:00:00]} Ba3 {[%emt 0:00:19]} 34. Bxa7 {[%emt 0:00:09]} Bxh5 {[%emt 0:00:05]} 35. Bb6 {[%emt 0:00:06]} Bb2 {[%emt 0:00:03]} 36. Ba5 {[%emt 0:00:03]} Kf7 {[%emt 0:00:02]} 37. Bb4 {[%emt 0:00:01]} Bd1 {[%emt 0:00:03]} 38. a4 {[%emt 0:00:02]} Bxa4 {[%emt 0:00:10]} 39. Bxa4 {[%emt 0:00:02]} Ke6 {[%emt 0:00:01]} 40. Bc2 {[%emt 0:00:01]} h5 {[%emt 0:00:02]} 41. f3 {[%emt 0:00:04]} g5 {[%emt 0:00:01]} 42. Kf2 {[%emt 0:00:01]} g4 {[%emt 0:00:02]} 43. fxg4 {[%emt 0:00:02]} hxg4 {[%emt 0:00:00]} 44. Ke2 {[%emt 0:00:07]} f5 {[%emt 0:00:02]} 45. Kd2 {[%emt 0:00:02]} Kf6 {[%emt 0:00:04]} 46. Bd1 {[%emt 0:00:02]} f4 {[%emt 0:00:05]} 47. gxf4 {[%emt 0:00:05]} g3 {[%emt 0:00:01]} 48. Ke2 {[%emt 0:00:04]} Bc1 {[%emt 0:00:03]} 49. Bd6 {[%emt 0:00:04]} g2 {[%emt 0:00:06]} 50. Kf2 {[%emt 0:00:01]} Bd2 {[%emt 0:00:01]} 51. Bb4 {[%emt 0:00:05]} Bxf4 {[%emt 0:00:03]} 52. Kxg2 {[%emt 0:00:01]} Kf5 {[%emt 0:00:01]} 53. Kf3 {[%emt 0:00:01]} Bd2 {[%emt 0:00:02]} 54. Bc2+ {[%emt 0:00:01]} Kf6 {[%emt 0:00:02]} 55. Kg4 {[%emt 0:00:01]} Be1 {[%emt 0:00:03]} 56. Bd1 {[%emt 0:00:01]} Bd2 {[%emt 0:00:01]} 57. Bf3 {[%emt 0:00:01]} Ke6 {[%emt 0:00:01]} 58. Kh5 {[%emt 0:00:01]} Be1 {[%emt 0:00:02]} 59. Kg6 {[%emt 0:00:01]} Bd2 {[%emt 0:00:03]} 60. Kg7 {[%emt 0:00:01]} Bf4 {[%emt 0:00:02]} 61. Kf8 {[%emt 0:00:03]} Bg5 {[%emt 0:00:02]} 62. Kg7 {[%emt 0:00:02]} Bf6+ {[%emt 0:00:02]} 63. Kg6 {[%emt 0:00:02]} Bh4 {[%emt 0:00:02]} 64. Bg4# {[%emt 0:00:01] (Lag: Av=0.24s, max=0.9s) Mate} 1-0

[Event "OEISM 0818 BLMM"]
[Site "austriablmm"]
[Date "2020.12.12"]
[Round "6"]
[White "Pernerstorfer_Max"]
[Black "Sebsep1"]
[Result "0-1"]
[WhiteElo "1914"]
[BlackElo "2069"]
[Annotator "NA RC"]
[PlyCount "51"]
[EventDate "2020.12.12"]
[EventType "blitz"]

1. e4 {[%emt 0:00:03]} e5 {[%emt 0:00:01]} 2. Nf3 {[%emt 0:00:01]} Nc6 {[%emt 0:00:02]} 3. Bc4 {[%emt 0:00:01]} Bc5 {[%emt 0:00:01]} 4. O-O {[%emt 0:00:01]} Nf6 {[%emt 0:00:01]} 5. d3 {[%emt 0:00:01]} d6 {[%emt 0:00:04]} 6. c3 {[%emt 0:00:02]} a6 {[%emt 0:00:03]} 7. Nbd2 {[%emt 0:00:02]} O-O {[%emt 0:00:02]} 8. a4 {[%emt 0:00:06]} Ba7 {[%emt 0:00:10]} 9. h3 {[%emt 0:00:09]} Ne7 {[%emt 0:00:02]} 10. Re1 {[%emt 0:00:08]} Ng6 {[%emt 0:00:02]} 11. Nf1 {[%emt 0:00:01]} Be6 {[%emt 0:00:11]} 12. Bb3 {[%emt 0:01:01]} Nh5 {[%emt 0:01:04]} 13. Be3 {[%emt 0:01:41]} Ngf4 {[%emt 0:00:24]} 14. Bxe6 {[%emt 0:00:45]} fxe6 {[%emt 0:00:16]} 15. Kh2 {[%emt 0:00:05]} Qf6 {[%emt 0:01:00]} 16. Bxa7 {[%emt 0:00:04]} Rxa7 {[%emt 0:00:01]} 17. Re3 {[%emt 0:00:02]} g5 {[%emt 0:00:33]} 18. g3 {[%emt 0:00:23]} Ng6 {[%emt 0:00:03]} 19. b4 {[%emt 0:00:19]} Raa8 {[%emt 0:00:14]} 20. Ra2 {[%emt 0:00:03]} Ng7 {[%emt 0:00:07]} 21. d4 {[%emt 0:01:31]} h5 {[%emt 0:00:38]} 22. dxe5 {[%emt 0:00:12]} dxe5 {[%emt 0:00:20]} 23. Rd3 {[%emt 0:00:41]} g4 {[%emt 0:00:48]} 24. hxg4 {[%emt 0:00:04]} hxg4 {[%emt 0:00:00]} 25. Ng1 {[%emt 0:00:15]} Qg5 {[%emt 0:00:04]} 26. Qxg4 {[%emt 0:00:00] Pernerstorfer_Max resigns} 0-1

[Event "OEISM 0818 BLMM"]
[Site "austriablmm"]
[Date "2020.12.12"]
[Round "6"]
[White "Lukas-2010"]
[Black "Wimmer Michael"]
[Result "1-0"]
[WhiteElo "1910"]
[BlackElo "1718"]
[Annotator "NA"]
[PlyCount "67"]
[EventDate "2020.12.12"]
[EventType "blitz"]

1. e4 {[%emt 0:00:03]} e5 {[%emt 0:00:02]} 2. Nf3 {[%emt 0:00:02]} Nc6 {[%emt 0:00:02]} 3. Bb5 {[%emt 0:00:04]} a6 {[%emt 0:00:03]} 4. Ba4 {[%emt 0:00:02]} Nf6 {[%emt 0:00:04]} 5. O-O {[%emt 0:00:02]} b5 {[%emt 0:00:05]} 6. Bb3 {[%emt 0:00:02]} Be7 {[%emt 0:00:03]} 7. Re1 {[%emt 0:00:05]} O-O {[%emt 0:00:04]} 8. d3 {[%emt 0:00:02]} d6 {[%emt 0:00:02]} 9. h3 {[%emt 0:00:02]} Bb7 {[%emt 0:00:04]} 10. c3 {[%emt 0:00:06]} Re8 {[%emt 0:00:29]} 11. Ng5 {[%emt 0:00:14]} d5 {[%emt 0:00:26]} 12. exd5 {[%emt 0:00:06]} Nxd5 {[%emt 0:00:02]} 13. Nxf7 {[%emt 0:00:14]} Qd7 {[%emt 0:01:01]} 14. Qf3 {[%emt 0:00:24]} Na5 {[%emt 0:01:08]} 15. Nxe5 {[%emt 0:00:09]} Qe6 {[%emt 0:00:05]} 16. c4 {[%emt 0:00:29]} Nb4 {[%emt 0:00:45]} 17. Qd1 {[%emt 0:00:20]} Nxb3 {[%emt 0:00:26]} 18. axb3 {[%emt 0:00:22]} Bd6 {[%emt 0:00:21]} 19. d4 {[%emt 0:00:43]} Rad8 {[%emt 0:00:21]} 20. Bf4 {[%emt 0:00:15]} Bxe5 {[%emt 0:00:07]} 21. Bxe5 {[%emt 0:00:16]} Qg6 {[%emt 0:00:11]} 22. Qg4 {[%emt 0:00:15]} Qxg4 {[%emt 0:00:07]} 23. hxg4 {[%emt 0:00:00]} Nc2 {[%emt 0:00:04]} 24. Nc3 {[%emt 0:00:03]} Nxa1 {[%emt 0:00:07]} 25. Rxa1 {[%emt 0:00:02]} bxc4 {[%emt 0:00:06]} 26. bxc4 {[%emt 0:00:04]} Rd7 {[%emt 0:00:18]} 27. b4 {[%emt 0:00:13]} Kf7 {[%emt 0:00:19]} 28. f4 {[%emt 0:00:13]} g6 {[%emt 0:00:34] Wimmer Michael offers a draw} 29. Kf2 {[%emt 0:00:14]} h5 {[%emt 0:00:12]} 30. Rh1 {[%emt 0:00:18]} hxg4 {[%emt 0:00:12]} 31. Rh7+ {[%emt 0:00:02]} Ke6 {[%emt 0:00:04]} 32. d5+ {[%emt 0:00:02]} Kf5 {[%emt 0:00:27]} 33. Rxd7 {[%emt 0:00:03]} Bc8 {[%emt 0:00:06]} 34. Rf7# {[%emt 0:00:02] Mate Mate} 1-0

[Event "OEISM 0818 BLMM"]
[Site "austriablmm"]
[Date "2020.12.12"]
[Round "6"]
[White "Zsofia04"]
[Black "Gor200506"]
[Result "1-0"]
[WhiteElo "1845"]
[BlackElo "1630"]
[Annotator "NA"]
[PlyCount "61"]
[EventDate "2020.12.12"]
[EventType "blitz"]

1. e4 {[%emt 0:00:04]} e6 {[%emt 0:00:01]} 2. d4 {[%emt 0:00:05]} d5 {[%emt 0:00:01]} 3. Nc3 {[%emt 0:00:08]} Nf6 {[%emt 0:00:02]} 4. e5 {[%emt 0:00:02]} Nfd7 {[%emt 0:00:01]} 5. Nce2 {[%emt 0:00:01]} c5 {[%emt 0:00:02]} 6. c3 {[%emt 0:00:02]} Nc6 {[%emt 0:00:01]} 7. f4 {[%emt 0:00:02]} b6 {[%emt 0:00:26]} 8. Nf3 {[%emt 0:00:03]} Bb7 {[%emt 0:00:03]} 9. g3 {[%emt 0:00:02]} Be7 {[%emt 0:00:11]} 10. Bh3 {[%emt 0:00:02]} cxd4 {[%emt 0:00:40]} 11. cxd4 {[%emt 0:00:03]} O-O {[%emt 0:00:25]} 12. O-O {[%emt 0:00:04]} Ba6 {[%emt 0:00:05]} 13. Rf2 {[%emt 0:00:38]} b5 {[%emt 0:02:02]} 14. Be3 {[%emt 0:00:14]} Nb6 {[%emt 0:00:02]} 15. b3 {[%emt 0:00:15]} Rc8 {[%emt 0:00:12]} 16. Rc1 {[%emt 0:00:05]} Ba3 {[%emt 0:00:07]} 17. Rb1 {[%emt 0:00:18]} Qc7 {[%emt 0:01:23]} 18. f5 {[%emt 0:00:35]} Rce8 {[%emt 0:01:26]} 19. Nf4 {[%emt 0:00:17]} Bc8 {[%emt 0:00:17]} 20. fxe6 {[%emt 0:00:33]} Bxe6 {[%emt 0:00:08]} 21. Bxe6 {[%emt 0:00:08]} fxe6 {[%emt 0:00:00]} 22. Ng5 {[%emt 0:00:04]} Nd8 {[%emt 0:00:28]} 23. Rc2 {[%emt 0:00:16]} Qe7 {[%emt 0:00:10]} 24. Qh5 {[%emt 0:00:16]} g6 {[%emt 0:00:25]} 25. Qg4 {[%emt 0:00:12]} Rf5 {[%emt 0:00:20]} 26. h4 {[%emt 0:00:36]} h5 {[%emt 0:00:48]} 27. Qe2 {[%emt 0:00:12]} Rxg5 {[%emt 0:00:09]} 28. hxg5 {[%emt 0:00:04]} Qxg5 {[%emt 0:00:01]} 29. Kh2 {[%emt 0:00:17]} Nf7 {[%emt 0:00:37]} 30. Nxd5 {[%emt 0:00:27]} Qg4 {[%emt 0:00:54] '} 31. Nf6+ {[%emt 0:00:03] TimeB} 1-0

[Event "OEISM 0818 BLMM"]
[Site "austriablmm"]
[Date "2020.12.12"]
[Round "6"]
[White "Peter Balint"]
[Black "Chessroman"]
[Result "1-0"]
[WhiteElo "1802"]
[BlackElo "1516"]
[Annotator "NA RC"]
[PlyCount "27"]
[EventDate "2020.12.12"]
[EventType "blitz"]

1. e4 {[%emt 0:00:03]} e5 {[%emt 0:00:08]} 2. Nf3 {[%emt 0:00:02]} Nf6 {[%emt 0:00:04]} 3. Nxe5 {[%emt 0:00:02]} d6 {[%emt 0:00:03]} 4. Nf3 {[%emt 0:00:01]} Nxe4 {[%emt 0:00:09]} 5. d4 {[%emt 0:00:02]} d5 {[%emt 0:00:08]} 6. Bd3 {[%emt 0:00:04]} Nf6 {[%emt 0:00:03]} 7. O-O {[%emt 0:00:03]} Bd6 {[%emt 0:00:07]} 8. Re1+ {[%emt 0:00:05]} Be6 {[%emt 0:00:05]} 9. Ng5 {[%emt 0:00:08]} Qd7 {[%emt 0:00:09]} 10. Nxe6 {[%emt 0:00:06]} fxe6 {[%emt 0:00:12]} 11. Bf5 {[%emt 0:00:02]} g6 {[%emt 0:01:00]} 12. Bxe6 {[%emt 0:00:04]} Qd8 {[%emt 0:00:06]} 13. Bxd5+ {[%emt 0:00:05]} Kf8 {[%emt 0:00:06]} 14. Bh6# {[%emt 0:00:02] Mate Mate} 1-0

[Event "OEISM 0818 BLMM"]
[Site "austriablmm"]
[Date "2020.12.12"]
[Round "6"]
[White "Schaf2009"]
[Black "viczekata"]
[Result "0-1"]
[WhiteElo "1789"]
[BlackElo "1867"]
[Annotator "NA"]
[PlyCount "122"]
[EventDate "2020.12.12"]
[EventType "blitz"]

1. d4 {[%emt 0:00:07]} d5 {[%emt 0:00:02]} 2. Bf4 {[%emt 0:00:03]} c5 {[%emt 0:00:02]} 3. e3 {[%emt 0:00:06]} Nc6 {[%emt 0:00:01]} 4. c3 {[%emt 0:00:02]} Nf6 {[%emt 0:00:01]} 5. Nd2 {[%emt 0:00:07]} Qb6 {[%emt 0:00:09]} 6. Qc2 {[%emt 0:00:08]} g6 {[%emt 0:00:10]} 7. dxc5 {[%emt 0:00:28]} Qxc5 {[%emt 0:00:05]} 8. Nb3 {[%emt 0:00:05]} Qb6 {[%emt 0:00:14]} 9. Bd3 {[%emt 0:00:18]} e5 {[%emt 0:00:08]} 10. Bg3 {[%emt 0:00:11]} Bg7 {[%emt 0:00:04]} 11. Rd1 {[%emt 0:00:33]} O-O {[%emt 0:00:06]} 12. Be2 {[%emt 0:00:08]} Bf5 {[%emt 0:00:03]} 13. Bd3 {[%emt 0:00:08]} Bxd3 {[%emt 0:00:02]} 14. Rxd3 {[%emt 0:00:07]} Rac8 {[%emt 0:00:08]} 15. Ne2 {[%emt 0:00:27]} Nb4 {[%emt 0:00:02]} 16. Qd1 {[%emt 0:00:31]} Nxd3+ {[%emt 0:00:04]} 17. Qxd3 {[%emt 0:00:02]} Rfe8 {[%emt 0:00:15]} 18. O-O {[%emt 0:00:18]} a5 {[%emt 0:00:01]} 19. Rb1 {[%emt 0:00:26]} a4 {[%emt 0:00:05]} 20. Nd2 {[%emt 0:00:04]} Rcd8 {[%emt 0:00:08]} 21. Qc2 {[%emt 0:00:24]} Nd7 {[%emt 0:00:14]} 22. Qxa4 {[%emt 0:00:14]} Nc5 {[%emt 0:00:02]} 23. Qc2 {[%emt 0:00:13]} e4 {[%emt 0:00:06]} 24. Bh4 {[%emt 0:00:29]} Ra8 {[%emt 0:00:07]} 25. a3 {[%emt 0:00:07]} Nd3 {[%emt 0:00:01]} 26. Nc1 {[%emt 0:00:08]} Ne5 {[%emt 0:00:08]} 27. Ne2 {[%emt 0:00:07]} Rec8 {[%emt 0:00:10]} 28. Bg3 {[%emt 0:00:14]} Nd3 {[%emt 0:00:25]} 29. Nc1 {[%emt 0:00:17]} Nc5 {[%emt 0:00:14]} 30. Ndb3 {[%emt 0:00:16]} Nxb3 {[%emt 0:00:05]} 31. Nxb3 {[%emt 0:00:06]} Rc4 {[%emt 0:00:26]} 32. Nd4 {[%emt 0:00:23]} Bxd4 {[%emt 0:00:07]} 33. exd4 {[%emt 0:00:02]} Qxd4 {[%emt 0:00:02]} 34. Rd1 {[%emt 0:00:15]} Qc5 {[%emt 0:00:10]} 35. Qd2 {[%emt 0:00:07]} Rd8 {[%emt 0:00:08]} 36. Be5 {[%emt 0:00:06]} Qf8 {[%emt 0:00:11]} 37. Bd4 {[%emt 0:00:11]} b5 {[%emt 0:00:09]} 38. Qg5 {[%emt 0:00:08]} Rc6 {[%emt 0:00:31]} 39. h4 {[%emt 0:00:21]} h6 {[%emt 0:00:05]} 40. Qe5 {[%emt 0:00:09]} Kh7 {[%emt 0:00:02]} 41. Qf4 {[%emt 0:00:24]} Re6 {[%emt 0:00:09]} 42. h5 {[%emt 0:00:07]} e3 {[%emt 0:00:26]} 43. Bxe3 {[%emt 0:00:19]} Re4 {[%emt 0:00:05]} 44. hxg6+ {[%emt 0:00:12]} fxg6 {[%emt 0:00:11]} 45. Qg3 {[%emt 0:00:10]} Qf7 {[%emt 0:00:21]} 46. Qh3 {[%emt 0:00:16]} h5 {[%emt 0:00:03]} 47. Qg3 {[%emt 0:00:05]} Rg4 {[%emt 0:00:04]} 48. Qe5 {[%emt 0:00:14]} Re4 {[%emt 0:00:12]} 49. Qg3 {[%emt 0:00:02]} Rde8 {[%emt 0:00:06]} 50. Qg5 {[%emt 0:00:04]} Rg4 {[%emt 0:00:24]} 51. Qh6+ {[%emt 0:00:11]} Kg8 {[%emt 0:00:04]} 52. Bd4 {[%emt 0:00:02]} Qh7 {[%emt 0:00:11]} 53. Qd2 {[%emt 0:00:07]} h4 {[%emt 0:00:08]} 54. Re1 {[%emt 0:00:06]} Rge4 {[%emt 0:00:09]} 55. Rxe4 {[%emt 0:00:10]} Rxe4 {[%emt 0:00:01]} 56. Qg5 {[%emt 0:00:13]} Re1+ {[%emt 0:00:19]} 57. Kh2 {[%emt 0:00:03]} Qc7+ {[%emt 0:00:02]} 58. g3 {[%emt 0:00:15]} hxg3+ {[%emt 0:00:04]} 59. fxg3 {[%emt 0:00:03]} Qh7+ {[%emt 0:00:17]} 60. Kg2 {[%emt 0:00:08]} Qh1+ {[%emt 0:00:04]} 61. Kf2 {[%emt 0:00:01]} Qf1# {[%emt 0:00:03] Mate Mate} 0-1

[Event "OEISM 0818 BLMM"]
[Site "austriablmm"]
[Date "2020.12.12"]
[Round "6"]
[White "Kriasi"]
[Black "Miriamk"]
[Result "1-0"]
[WhiteElo "1777"]
[BlackElo "1542"]
[Annotator "NA RC"]
[PlyCount "49"]
[EventDate "2020.12.12"]
[EventType "blitz"]

1. e4 {[%emt 0:00:09]} e6 {[%emt 0:00:01]} 2. d4 {[%emt 0:00:02]} d5 {[%emt 0:00:01]} 3. Nc3 {[%emt 0:00:00]} Nf6 {[%emt 0:00:02]} 4. e5 {[%emt 0:00:01]} Nfd7 {[%emt 0:00:02]} 5. Nce2 {[%emt 0:00:01]} c5 {[%emt 0:00:02]} 6. c3 {[%emt 0:00:01]} Nc6 {[%emt 0:00:03]} 7. Nf3 {[%emt 0:00:02]} Qb6 {[%emt 0:00:02]} 8. a3 {[%emt 0:00:03]} Be7 {[%emt 0:00:03]} 9. Nf4 {[%emt 0:00:07]} O-O {[%emt 0:00:17]} 10. h4 {[%emt 0:00:07]} Rd8 {[%emt 0:00:48]} 11. Bd3 {[%emt 0:00:12]} Nf8 {[%emt 0:00:10]} 12. Kf1 {[%emt 0:00:35]} cxd4 {[%emt 0:00:28]} 13. cxd4 {[%emt 0:00:03]} a5 {[%emt 0:00:23]} 14. Rb1 {[%emt 0:00:44]} Kh8 {[%emt 0:00:38]} 15. Be3 {[%emt 0:00:19]} Bd7 {[%emt 0:00:48]} 16. Ng5 {[%emt 0:00:14]} Be8 {[%emt 0:00:36]} 17. Qc2 {[%emt 0:02:43]} h6 {[%emt 0:00:44]} 18. Qd1 {[%emt 0:01:30]} Nxd4 {[%emt 0:01:19]} 19. Qg4 {[%emt 0:01:00]} Bc5 {[%emt 0:00:42]} 20. b4 {[%emt 0:00:36]} axb4 {[%emt 0:00:16]} 21. axb4 {[%emt 0:00:02]} Bxb4 {[%emt 0:00:26]} 22. Bxd4 {[%emt 0:00:06]} Qxd4 {[%emt 0:00:14]} 23. Ng6+ {[%emt 0:00:05]} fxg6 {[%emt 0:00:40]} 24. Qxd4 {[%emt 0:00:04]} Ra4 {[%emt 0:00:25] Kriasi reconnected.} 25. Rxb4 {[%emt 0:00:09] Miriamk gibt auf} 1-0

[Event "OEISM 0818 BLMM"]
[Site "austriablmm"]
[Date "2020.12.12"]
[Round "6"]
[White "Johnny Johnson"]
[Black "Blumenlaus"]
[Result "1-0"]
[WhiteElo "1758"]
[BlackElo "1838"]
[Annotator "NA RC"]
[PlyCount "55"]
[EventDate "2020.12.12"]
[EventType "blitz"]

1. e4 {[%emt 0:00:03]} c5 {[%emt 0:00:03]} 2. Nc3 {[%emt 0:00:02]} d6 {[%emt 0:00:06]} 3. g3 {[%emt 0:00:02]} g6 {[%emt 0:00:03]} 4. Bg2 {[%emt 0:00:02]} Bg7 {[%emt 0:00:01]} 5. d3 {[%emt 0:00:02]} Nc6 {[%emt 0:00:02]} 6. Be3 {[%emt 0:00:03]} e6 {[%emt 0:00:04]} 7. Qd2 {[%emt 0:00:07]} Nge7 {[%emt 0:00:05]} 8. Nge2 {[%emt 0:00:03]} b6 {[%emt 0:00:03]} 9. Bh6 {[%emt 0:00:03]} O-O {[%emt 0:00:03]} 10. h4 {[%emt 0:00:02]} Bb7 {[%emt 0:00:10]} 11. h5 {[%emt 0:00:03]} Ne5 {[%emt 0:00:13]} 12. Bxg7 {[%emt 0:00:38]} Kxg7 {[%emt 0:00:03]} 13. hxg6 {[%emt 0:00:01]} fxg6 {[%emt 0:00:18]} 14. Qh6+ {[%emt 0:00:04]} Kf7 {[%emt 0:00:01]} 15. Qxh7+ {[%emt 0:00:10]} Ke8 {[%emt 0:00:01]} 16. Nf4 {[%emt 0:00:30]} Qd7 {[%emt 0:00:22]} 17. O-O-O {[%emt 0:01:14]} Kd8 {[%emt 0:00:39]} 18. Bh3 {[%emt 0:00:10]} Rf6 {[%emt 0:00:32]} 19. Qh8+ {[%emt 0:00:09]} Kc7 {[%emt 0:00:16]} 20. Qxf6 {[%emt 0:00:08]} g5 {[%emt 0:00:07]} 21. Nxe6+ {[%emt 0:00:09]} Kc6 {[%emt 0:00:07]} 22. Nd4+ {[%emt 0:00:09]} cxd4 {[%emt 0:00:01]} 23. Bxd7+ {[%emt 0:00:02]} Nxd7 {[%emt 0:00:00]} 24. Qxe7 {[%emt 0:00:04]} dxc3 {[%emt 0:00:01]} 25. Rh7 {[%emt 0:00:04]} Nc5 {[%emt 0:00:02] Blumenlaus offers a draw} 26. d4 {[%emt 0:00:17]} cxb2+ {[%emt 0:00:16]} 27. Kb1 {[%emt 0:00:05]} Na4 {[%emt 0:00:08]} 28. Qd7# {[%emt 0:00:07] Mate Mate} 1-0

[Event "OEISM 0818 BLMM"]
[Site "austriablmm"]
[Date "2020.12.12"]
[Round "6"]
[White "Ji-Jay-Jim"]
[Black "BiancaD"]
[Result "0-1"]
[WhiteElo "1746"]
[BlackElo "1595"]
[Annotator "NA RC"]
[PlyCount "138"]
[EventDate "2020.12.12"]
[EventType "blitz"]

1. e4 {[%emt 0:00:04]} e5 {[%emt 0:00:01]} 2. Nf3 {[%emt 0:00:05]} Nf6 {[%emt 0:00:02]} 3. d4 {[%emt 0:00:05]} exd4 {[%emt 0:00:02]} 4. e5 {[%emt 0:00:05]} Nd5 {[%emt 0:00:11]} 5. Nxd4 {[%emt 0:00:10]} Bc5 {[%emt 0:00:04]} 6. Nf3 {[%emt 0:00:13]} Ne7 {[%emt 0:00:09]} 7. Bg5 {[%emt 0:00:08]} h6 {[%emt 0:00:06]} 8. Bh4 {[%emt 0:00:06]} d6 {[%emt 0:00:08]} 9. exd6 {[%emt 0:00:16]} Qxd6 {[%emt 0:00:05]} 10. Qxd6 {[%emt 0:00:12]} Bxd6 {[%emt 0:00:03]} 11. Nc3 {[%emt 0:00:06]} O-O {[%emt 0:00:02]} 12. Bc4 {[%emt 0:00:11]} Be6 {[%emt 0:00:08]} 13. Bb3 {[%emt 0:00:13]} Bxb3 {[%emt 0:00:03]} 14. axb3 {[%emt 0:00:07]} Re8 {[%emt 0:00:04]} 15. O-O {[%emt 0:00:06]} Nf5 {[%emt 0:00:05]} 16. Rfe1 {[%emt 0:00:14]} Rxe1+ {[%emt 0:00:09]} 17. Rxe1 {[%emt 0:00:07]} Nc6 {[%emt 0:00:09]} 18. Nb5 {[%emt 0:00:28]} Nxh4 {[%emt 0:00:06]} 19. Nxh4 {[%emt 0:00:06]} Be5 {[%emt 0:00:15]} 20. Nf3 {[%emt 0:00:28]} Bxb2 {[%emt 0:00:07]} 21. Nxc7 {[%emt 0:00:07]} Rd8 {[%emt 0:00:05]} 22. Re8+ {[%emt 0:00:30]} Rxe8 {[%emt 0:00:06]} 23. Nxe8 {[%emt 0:00:00]} Kf8 {[%emt 0:00:02]} 24. Nd6 {[%emt 0:00:12]} b6 {[%emt 0:00:07]} 25. Kf1 {[%emt 0:00:10]} Ba3 {[%emt 0:00:04]} 26. Nc4 {[%emt 0:00:08]} Bc5 {[%emt 0:00:11]} 27. Ke2 {[%emt 0:00:06]} b5 {[%emt 0:00:03]} 28. Nce5 {[%emt 0:00:09]} Nxe5 {[%emt 0:00:03]} 29. Nxe5 {[%emt 0:00:06]} Ke7 {[%emt 0:00:06]} 30. Nd3 {[%emt 0:00:13]} Bb6 {[%emt 0:00:06]} 31. Kf3 {[%emt 0:00:04]} Ke6 {[%emt 0:00:03]} 32. Ke4 {[%emt 0:00:06]} f5+ {[%emt 0:00:04]} 33. Kf4 {[%emt 0:00:12]} g5+ {[%emt 0:00:11]} 34. Kf3 {[%emt 0:00:15]} Kd5 {[%emt 0:00:10]} 35. g4 {[%emt 0:00:19]} Ke6 {[%emt 0:00:17]} 36. h3 {[%emt 0:00:12]} a5 {[%emt 0:00:12]} 37. Ke2 {[%emt 0:00:42]} a4 {[%emt 0:00:09]} 38. bxa4 {[%emt 0:00:06]} bxa4 {[%emt 0:00:03]} 39. Nb2 {[%emt 0:00:05]} a3 {[%emt 0:00:05]} 40. Nc4 {[%emt 0:00:29]} Bc5 {[%emt 0:00:02]} 41. Nxa3 {[%emt 0:00:05]} Bxa3 {[%emt 0:00:02]} 42. f3 {[%emt 0:00:27]} fxg4 {[%emt 0:00:10]} 43. fxg4 {[%emt 0:00:03]} Ke5 {[%emt 0:00:01]} 44. Kf3 {[%emt 0:00:08]} Bc5 {[%emt 0:00:03]} 45. c3 {[%emt 0:00:08]} Bb6 {[%emt 0:00:07]} 46. c4 {[%emt 0:00:08]} Bc5 {[%emt 0:00:01]} 47. Ke2 {[%emt 0:00:08]} Kf4 {[%emt 0:00:02]} 48. Kd3 {[%emt 0:00:04]} Kg3 {[%emt 0:00:02]} 49. Ke4 {[%emt 0:00:01]} Kxh3 {[%emt 0:00:02]} 50. Kd5 {[%emt 0:00:01]} Bf2 {[%emt 0:00:03]} 51. c5 {[%emt 0:00:00]} Bxc5 {[%emt 0:00:01]} 52. Kxc5 {[%emt 0:00:00]} Kxg4 {[%emt 0:00:01]} 53. Kd4 {[%emt 0:00:02]} h5 {[%emt 0:00:01]} 54. Ke3 {[%emt 0:00:01]} Kg3 {[%emt 0:00:01]} 55. Ke2 {[%emt 0:00:02]} h4 {[%emt 0:00:03]} 56. Kf1 {[%emt 0:00:01]} h3 {[%emt 0:00:02]} 57. Kg1 {[%emt 0:00:01]} Kf3 {[%emt 0:00:12]} 58. Kh2 {[%emt 0:00:02]} g4 {[%emt 0:00:02]} 59. Kg1 {[%emt 0:00:04]} g3 {[%emt 0:00:04]} 60. Kh1 {[%emt 0:00:07]} g2+ {[%emt 0:00:10]} 61. Kg1 {[%emt 0:00:01]} h2+ {[%emt 0:00:07]} 62. Kxh2 {[%emt 0:00:02]} Kf2 {[%emt 0:00:01]} 63. Kh3 {[%emt 0:00:03]} g1=Q {[%emt 0:00:02]} 64. Kh4 {[%emt 0:00:02]} Kf3 {[%emt 0:00:03]} 65. Kh5 {[%emt 0:00:02]} Kf4 {[%emt 0:00:01]} 66. Kh6 {[%emt 0:00:01]} Kf5 {[%emt 0:00:01]} 67. Kh7 {[%emt 0:00:01]} Kf6 {[%emt 0:00:01]} 68. Kh8 {[%emt 0:00:01]} Kf7 {[%emt 0:00:01]} 69. Kh7 {[%emt 0:00:02]} Qh1# {[%emt 0:00:01] Mate Mate} 0-1